|
|
|
|
| LEADER |
00957nam a2200265 a 4500 |
| 001 |
451 |
| 003 |
BD-DhAAL |
| 005 |
20151011111747.0 |
| 008 |
151011s1998 bg 000 0 eng |
| 010 |
|
|
|a 98915555
|
| 040 |
|
|
|a LCLOW
|b eng
|c LCLOW
|d ANL
|d BD-DhAAL
|
| 050 |
0 |
0 |
|a IN PROCESS
|
| 082 |
0 |
4 |
|a 342.5492/02
|2 21
|
| 100 |
1 |
|
|a Ahmed, Ali,
|c Prof.
|9 15275
|
| 245 |
1 |
0 |
|a Theory & practice of Bangladesh Constitution /
|c Ali Ahmed.
|
| 246 |
3 |
4 |
|a Theory and practice of Bangladesh Constitution
|
| 260 |
|
|
|a Dhaka :
|b H.A. Publisher :
|b Distributor, Book Syndicate,
|c 1998.
|
| 300 |
|
|
|a 182 p. ;
|c 23 cm.
|
| 500 |
|
|
|a PRIORITY 3.
|
| 541 |
|
|
|e 451
|
| 650 |
|
0 |
|a Constitutional law
|z Bangladesh.
|9 15276
|
| 651 |
|
0 |
|a Bangladesh
|x Politics and government.
|9 15277
|
| 942 |
|
|
|2 ddc
|c BK
|
| 999 |
|
|
|c 35750
|d 35750
|
| 952 |
|
|
|0 0
|1 0
|2 ddc
|4 0
|6 342_549200000000000_02_AHM
|7 0
|9 56219
|a SCL
|b SCL
|c GEN
|d 2015-10-11
|l 9
|m 3
|o 342.549202 AHM
|p 3020000451
|r 2024-03-28
|s 2024-03-20
|t 1
|w 2015-10-11
|y BK
|